| 000 | 00000nam 2200000za 4500 |
| 001 | 9.646389 |
| 003 | CaOODSP |
| 005 | 20220616102341 |
| 007 | ta |
| 008 | 150407s1996 onca f|0| 0 eng d |
| 040 | |aCaOODSP|beng |
| 043 | |an-cn--- |
| 086 | 1 |aZ1-1991/1E |
| 110 | 1 |aCanada. |bRoyal Commission on Aboriginal Peoples. |
| 245 | 10|aReport of the Royal Commission on Aboriginal Peoples. |
| 260 | |aOttawa : |bReport of the Royal Commission on Aboriginal Peoples, |c1996. |
| 300 | |a5 vols. : |bill. ; |c25 cm. |
| 500 | |aJoint Chairmen: René Dussault and Georges Erasmus. |
| 505 | 0 |aContents: Volume 1: Looking forward, looking back [Cat. No. Z1-1991/1-1E; ISBN 0-660-16413-2].--Volume 2: Restructuring the relationship [Cat. No. Z1-1991/1-2E; ISBN 0-660-16414-0].--Volume 3: Gathering strength [Cat. No. Z1-1991/1-3E; ISBN 0-660-16415-9].--Volume 4: Perspectives and realities [Cat. No. Z1-1991/1-4E; ISBN 0-660-16416-7].--Volume 5: Renewal: a twenty year commitment [Cat. No. Z1-1991/1-5E; ISBN 0-660-16417-5]. |
| 590 | |a96-47|b1996-11-22 |
| 690 | 07|aIndigenous peoples|2gcpds |
| 690 | 07|aIndigenous affairs|2gcpds |
| 720 | 1 |aDussault, René |
| 720 | 1 |aErasmus, Georges |
| 775 | 08|tRapport de la Commission royale sur les peuples autochtones.|w(CaOODSP)9.679938 |
| 776 | 0#|tReport of the Royal Commission on Aboriginal Peoples |w(CaOODSP)9.819007 |
| 776 | 0#|tReport of the Royal Commission on Aboriginal Peoples |w(CaOODSP)9.819017 |
| 776 | 0#|tReport of the Royal Commission on Aboriginal Peoples |w(CaOODSP)9.819025 |
| 776 | 0#|tReport of the Royal Commission on Aboriginal Peoples |w(CaOODSP)9.819028 |
| 776 | 0#|tReport of the Royal Commission on Aboriginal Peoples |w(CaOODSP)9.819031 |